000 00466nam a2200157 i 4500
001 51962
003 ES-MaACL
007 t|
008 030821s1953 sp ||||1| spa d
100 1 _aChild, Herbert.
_938513
245 1 0 _aMartín, el gaucho /
_cHerbert Child ; [versión española de León Mirlas].
260 _aBarcelona :
_bExito,
_c[1953] (
_fDuplex)
300 _a375 p. ;
_c20 cm.
700 1 _aMirlas, León.
_981594
852 _aES-MaACL
_jC-7830
_bR.34853
999 _c51962
_d51962